01680nam a22003857a 450000500170000000800410001702000450005811000330010324501180013630000160025451800150027065301660028565300200045165300280047165300210049965300320052065300340055265300400058665300320062665300250065865300220068365300270070565300340073265300160076665300350078265300250081770000300084270000350087270000260090777400180093385601400095185601750109194200130126699900150127920260602123931.0260602s2026 ag ||||| |||| 00| 0 spa d aSentencia TI 27/26 Fecha 18/05/26bSEN aTribunal de Impugnación9111a"CHAVERO EMILIO ALFREDO, MARDONES, CARLOS GABRIEL S/ ABUSO SEXUAL CON ACCESO CARNAL" /cTribunal de Impugnación a152 p.bpdf a18/05/2026 aABUSO SEXUAL CON ACCESO CARNAL AGRAVADO POR EL VÍNCULO Y EL APROVECHAMIENTO DE LA CONVIVENCIA PREEXISTENTE CON UNA MENOR DE 18 AÑOS EN MODALIDAD CONTINUADA  aCÁMARA GESELL aPROTOCOLO CAMARA GESELL aACUERDO 5254 TSJ aUTILIZACIÓN ARMA DE FUEGO aEXTENSIÓN DAÑO ACREDITADO aDETERMINACIÓN JUDICIAL DE LA PENA aINDEBIDA DOBLE VALORACIÓN aASIMETRIA RELACIONAL aDIFERENCIA ETARIA aVINCULO PATERNO FILIAL aREGLAS DE MENSURACIÓN PENAL aART 247 CPP aNULIDAD PARCIAL SENTENCIA PENA aCOMPETENCIA POSITIVA aDeiub, Liliana Beatriz95 aJuan Jose Nazareno Eulogio9421 aRepetto, Andrés910 aLEG 49504/24  uhttp://jurispenal.jusneuquen.gov.ar/cgi-bin/koha/opac-retrieve-file.pl?id=16adde494d716ad47c665806316313a6yTexto completo Sentencia TI uhttp://jurispenal.jusneuquen.gov.ar/cgi-bin/koha/opac-retrieve-file.pl?id=0cf5bcbff2e042eea7cfa8a445194b94yTexto completo Sentencia de Responsabilidad Tribunal de Juicio 2ddccSEN c1292d1292